000 00505nam a2200157Ia 4500
008 210716s2012 xx 000 0 und d
020 _a9780070656901
041 _aeng
082 _a332.6 SUBP
100 _aSubramanyam, Pratap G.
245 _aInvestment banking: concepts, analyses and cases.
_bConcepts, analyses and cases.
250 _a1
260 _aNew Delhi
_bTata McGraw Hill Publishing Company Ltd
_c2012
300 _axxi,1.1-15.18,A.24,B.9,I.
650 _aInvestment-Capital Market(332.6)
999 _c207962
_d207962